000 00698nam a2200265Ia 4500
003 OSt
005 20221006144357.0
006 a|||||r|||| 00| 0
007 ta
008 221006b |||||||| |||| 00| 0 eng d
020 _c100.00
024 _a11,542
037 _cTextual
040 _aEASL
_cEASL
_beng
041 _2eng
_aeng
082 _aU8.44970j498.g7.M5, L8
100 _aTHOMSON Thomas
_9301133
245 0 _aWestern himalyas and Tibet
260 _aNew Delhi
_bCosmo Pub. India
_c1978
300 _a502p.
_ccm.
490 _v Gen
650 _aGen
942 _hU8.44970j498.g7.M5, L8
_cTEXL
_2CC
999 _c1079628
_d1079628